| 000 | 01011 a2200241 4500 | ||
|---|---|---|---|
| 003 | NUST | ||
| 005 | 20230615174247.0 | ||
| 010 | _a 95026031 | ||
| 020 | _a0201422778 | ||
| 040 | _cNust | ||
| 082 | 0 | 0 | _a005.74,CON |
| 100 | 1 |
_aConnolly, Thomas M. _9113138 |
|
| 245 | 1 | 0 |
_aDatabase systems : _ba practical approach to design, implementation, and management / _cThomas M. Connolly, Carolyn E. Begg, Anne D. Strachan. |
| 260 |
_aWokingham, England ; _aReading, Mass. : _bAddison-Wesley Pub. Co., _cc1996. |
||
| 300 |
_axxxi, 839 p. : _bill. ; _c24 cm. |
||
| 440 | 0 |
_aInternational computer science series _994511 |
|
| 505 | _aPART-1: Background (Introduction to Databases (Page-3), PART-2: Methodology (Page-163), PART-3: Database Language (Page-395), PART-4: Selected Database Issues (Page-537), Appendixes (Page-745). | ||
| 650 | 0 |
_aDatabase design. _918086 |
|
| 650 | 0 | _aDatabase management. | |
| 700 | 1 |
_aBegg, Carolyn E. _9113139 |
|
| 700 | 1 |
_aStrachan, Anne D. _9113140 |
|
| 942 |
_2ddc _cBK _k005.74,CON |
||
| 999 |
_c193343 _d193343 |
||